Don Leon : a poem by the late Lord Byron, author of Childe Harold, Don Juan, &c., &c., and forming part of the private journal of His lordship, supposed to have been entirely destroyed by Thos. Moore ... : to which is added, Leon to Annabella, an epistle from Lord Byron to Lady Byron.

Bibliographic Details
Main Author: Colman, George, 1762-1836 (Author)
Format: Book
Language:English
Published: London : Published for subscribers by the Fortune Press, [1934]
Subjects:

MARC

Tag First Indicator Second Indicator Subfields
LEADER 00000cam a2200000Ia 4500
001 in00001003721
005 20180809135857.0
008 820702s1934 enk 000 pdeng d
035 |a (OCoLC)ocm08572602 
035 |a (OCoLC)08572602 
035 |9 AEZ7114AM 
040 |a PBU  |b eng  |c PBU  |d OCL  |d OCLCG  |d OCLCQ  |d OCLCF  |d TXA 
035 |a (OCoLC)8572602 
050 4 |a PR4373  |b .D6 
050 4 |a PR4501.C3  |b D6 1934 
049 |a TXAM 
100 1 |a Colman, George,  |d 1762-1836,  |e author. 
245 1 0 |a Don Leon :  |b a poem by the late Lord Byron, author of Childe Harold, Don Juan, &c., &c., and forming part of the private journal of His lordship, supposed to have been entirely destroyed by Thos. Moore ... : to which is added, Leon to Annabella, an epistle from Lord Byron to Lady Byron. 
246 3 0 |a Leon to Annabella 
246 1 5 |a Leon to Annabella :  |b an epistle from Lord Byron to Lady Byron, explaining the real cause of eternal separation, and forming the most curious passage in the secret history of the noble poet 
264 1 |a London :  |b Published for subscribers by the Fortune Press,  |c [1934] 
300 |a 127 pages ;  |c 19 cm 
336 |a text  |b txt  |2 rdacontent 
337 |a unmediated  |b n  |2 rdamedia 
338 |a volume  |b nc  |2 rdacarrier 
500 |a Both 'Don Leon' and 'Leon to Annabella' falsely attributed to Lord Byron. Cf. Wise, Ashley Lib. I, 168. Knight, Lord Byron's marriage, p. 162 states that both poems were probably written by George Colman the younger, and that the "Notes to Don Leon" were written at various times by various hands. 
500 |a "Leon to Annabella" has separate title page. 
500 |a Edition limited to one thousand copies. 
500 |a The Cushing Library/Women & Gender Studies copy was acquired as part of The Don Kelly Research Collection of Gay Literature and Culture.  |5 TXA 
500 |a The Cushing Library/Women & Gender Studies copy is number 425.  |5 TXA 
600 1 0 |a Byron, George Gordon Byron,  |c Baron,  |d 1788-1824  |x Relations with men. 
600 1 7 |a Byron, George Gordon Byron,  |c Baron,  |d 1788-1824.  |2 fast  |0 (OCoLC)fst00069259 
655 7 |a Poetry.  |2 lcgft 
994 |a C0  |b TXA 
948 |a updated  |b h  |c 2018/8/9  |d c  |e nbehmer  |f 1:58:42 pm 
999 f f |s 8824dbe2-dd97-33a9-8789-aef534a1fa8b  |i d798c8da-c130-3137-ab58-e3c0755807fd  |t 0 
952 f f |p noncirc  |a Texas A&M University  |b College Station  |c Cushing Memorial Library & Archives  |d Cushing: Women & Gender Studies (Does not check out)  |t 0  |e PR4501.C3 D6 1934  |h Library of Congress classification  |i unmediated -- volume 
952 f f |p noncirc  |a Texas A&M University  |b College Station  |c Cushing Memorial Library & Archives  |d Cushing: Literature/Byron (Does not check out)  |t 0  |e PR4373 .D6 1934  |h Library of Congress classification  |i unmediated -- volume 
998 f f |a PR4373 .D6 1934  |t 0  |l Cushing: Literature/Byron (Does not check out) 
998 f f |a PR4501.C3 D6 1934  |t 0  |l Cushing: Women & Gender Studies (Does not check out)